|
|
|
|
| LEADER |
00000cam a2200000 a 4500 |
| 001 |
vtls010634895 |
| 003 |
SK-MaSNL |
| 005 |
20260301035104.0 |
| 008 |
240313s2014 xo a g 000 0 slo |
| 015 |
|
|
|a SNBA2014/12
|
| 020 |
|
|
|a 9788089737017
|q (viaz.)
|
| 035 |
|
|
|a 3313A61F-DC2F-4775-9A28-F9BFCDC46700
|
| 035 |
|
|
|a urn:nbn:sk:snk-amjp1c
|
| 035 |
|
|
|a urn:nbn:sk:snk-am001y7f
|
| 040 |
|
|
|a SNK
|b slo
|c SNK
|e AACR2
|
| 041 |
1 |
|
|a slo
|h fre
|
| 044 |
|
|
|a xo
|c SK
|
| 072 |
|
7 |
|a 11
|x Metafyzika
|2 konspekt
|
| 080 |
|
|
|a 111.85
|2 2001
|
| 080 |
|
|
|a 7.01/.09:37.016
|2 2001
|
| 080 |
|
|
|a 111.852
|2 2001
|
| 080 |
|
|
|a 101.8
|2 2001
|
| 080 |
|
|
|a 791.2
|2 2001
|
| 080 |
|
|
|a 72/76.05
|2 2001
|
| 080 |
|
|
|a (048.8)
|2 2001
|
| 100 |
1 |
|
|a Schiffter, Frédéric
|4 aut
|9 337065
|
| 240 |
1 |
3 |
|a La Beauté
|l Slovensky
|
| 245 |
1 |
0 |
|a Krása
|b estetická výchova
|c Frédéric Schiffter ; preklad [z francúzskeho originálu] Silvia Ruppeldtová
|
| 250 |
|
|
|a 1. vyd.
|
| 260 |
|
|
|a Bratislava
|b Inaque.sk
|c 2014
|
| 300 |
|
|
|a 109 s.
|b ilustr.
|c 17 cm
|
| 366 |
|
|
|e 600 výt.
|
| 490 |
1 |
|
|a La pomme
|
| 650 |
0 |
7 |
|a krása
|2 SNKPH
|9 30889
|
| 650 |
0 |
7 |
|a estetická výchova
|2 SNKPH
|9 66289
|
| 650 |
0 |
7 |
|a estetika
|2 SNKPH
|9 791
|
| 650 |
0 |
7 |
|a filozofické myslenie
|2 SNKPH
|9 1642
|
| 650 |
0 |
7 |
|a filmy
|2 SNKPH
|9 3250
|
| 650 |
0 |
7 |
|a umelecké diela
|2 SNKPH
|9 2976
|
| 650 |
0 |
7 |
|a Beauty
|2 SNKPHeng
|9 279721
|
| 650 |
0 |
7 |
|a Aesthetic education
|2 SNKPHeng
|9 328874
|
| 650 |
0 |
7 |
|a Aesthetics
|2 SNKPHeng
|9 274397
|
| 650 |
0 |
7 |
|a Philosophical thought
|2 SNKPHeng
|9 291107
|
| 650 |
0 |
7 |
|a Films
|2 SNKPHeng
|9 267038
|
| 650 |
0 |
7 |
|a Art works
|2 SNKPHeng
|9 326430
|
| 655 |
|
7 |
|a štúdie
|2 SNKPH
|9 57033
|
| 655 |
|
7 |
|a Studies
|2 SNKPHeng
|9 265573
|
| 700 |
1 |
|
|a Ruppeldtová, Silvia,
|d 1977-
|4 trl
|9 24196
|
| 830 |
|
0 |
|a La pomme
|9 313452
|
| 919 |
|
|
|a 978-80-89737-01-7
|
| 958 |
|
|
|a OND
|
| 958 |
|
|
|a OP
|
| 968 |
|
|
|b FR
|
| 999 |
|
|
|c 583237
|d 585167
|
| 952 |
|
|
|a SNK
|b SNK
|y PREZ
|7 0
|p 17A1120292
|o snkSD 83679
|i snk2014/25796
|8 0
|0 0
|1 0
|4 0
|d 2014-11-21
|f 1
|l 0
|r 2017-06-30 00:00:00
|w 2026-02-23
|
| 952 |
|
|
|a SNK
|b SNK
|y VYP
|7 0
|p 17A1120291
|o snkSD 83679 D1
|i snk2014/25797
|8 0
|0 0
|1 0
|4 0
|d 2014-11-21
|l 0
|r 2017-06-30 00:00:00
|w 2026-02-23
|